00758nam a2200229 a 4500003000900000005001700009008004100026040001300067100002400080245004000104260004000144300003200184490006400216500002800280504004100308650002200349650003900371650003700410650003600447650002000483650002500503AR-BaBNM20251128202842.0082120s2002 ||||||||||||||000 | spa|| cAR-BaBNM1 aKirbus, Federico B.00aLa primera de las tres Buenos Aires aBuenos AiresbCompás de oroc1980 a128 p.bmapas, il., láms. 0aSerie antropología, etnografía y estudios americanistas aCronología p. 121-125 aBibliografía consultada p. 125-126 4aPERIODO HISPANICO 4aDESCUBRIMIENTO DEL RIO DE LA PLATA 4aCOLONIZACION DEL RIO DE LA PLATA 4aADELANTADOS DEL RIO DE LA PLATA 4aHISTORIA SOCIAL 4aDEMOGRAFIA HISTORICA